00656nam a2200217Ia 4500003000400000005001700004008004100021020002900062040001700091082002100108100001800129245004800147250001100195260002800206300001900234500001900253650001500272942000900287952012700296999001500423IIN20250519104843.0250519s2024 xx ad 001 0 eng d cRs.625.00a9789356966963 aIINbEnglish a150.2461073bSRE1 aSreevani, R.  2aApplied Psychology for Nurses/cR. Sreevani a5th ed bJaypeeaNew Delhic2024 axx,291p.bill. aIncludes Index1 aPsychology cBOOK 00102ddc40708PURCHaIINbIINcGENd2025-03-11g625.00l0o150.2461073 SREp2018r2025-05-19 10:49:58w2025-05-19yBOOK c1813d1813